000 00871cam a22003017a 4500
003 CHAP
005 20220329134310.0
008 971013c19691949 r 00010 d
010 _a18369
011 _a19341
035 _a23426
040 _cCHAP
082 _a190
_bB6
100 0 0 _aBochenski, I. M.
_913330
245 1 3 _aLa filosofía actual
260 _aMéxico, D. F. :
_bFondo de Cultura Económica,
_c1969 (c.1949)
300 _a338 p.
490 0 _aBreviarios
_v; 16
590 _aBATCH-UPD
_b10
_c20130110
_lUCH01
_h1221
590 _aBATCH-UPD
_b10
_c20130410
_lUCH01
_h0756
590 _aBATCH-UPD
_b10
_c20130914
_lUCH01
_h0748
590 _aCONVERSION
_b10
_c20130109
_lUCH01
_h1311
650 1 4 _aFilosofía.
_940890
830 0 _aBreviarios
_v; 16
_915273
901 _aBK
942 _cLIBRO
949 _a190 B6
_bBC
_cLIBRO
_d-54501
_eLIBRO
_h12659
_i23426
_si
999 _c18369
_d18369